Statistická ročenka průmyslu 1986 časové řady

Gespeichert in:
Bibliographische Detailangaben
Format: Buch
Sprache:Tschechisch
Veröffentlicht: Praha Federální statistický úřad 1987
Tags: Tag hinzufügen
Keine Tags, Fügen Sie das erste Tag hinzu!

MARC

LEADER 00000nam a2200000 4500
001 c024389
005 20260129071459.5
041 0 |a cze 
044 |a CZ 
245 1 0 |a Statistická ročenka průmyslu 1986  |b časové řady 
264 1 |a Praha  |b Federální statistický úřad  |c 1987 
300 |a 401 s.